000 01327nam a22002297a 4500
999 _c61972
_d61972
003 Ge_BSU
005 20240618112726.0
008 240618s1971 ge ||||| |||| 00| 0 geo d
041 _ageo
080 _a615.83(075.8) ფ-30
100 _aფარჯანაძე, შალვა
_922469
245 _aფიზიოთერაპია და საექიმო ფიზკულტურა :
_b სახელმძღვ. სამედიცინო სასწავლებლებისათვის /
_cშალვა ფარჯანაძე, რომანოზ სვანიშვილი.
250 _aმე-2 შევსებ. და გადამუშ. გამოც.
264 _aთბილისი :
_bგანათლება,
_c1971.
300 _a246 გვ. :
_bილ. ;
_c23 სმ
653 _aფიზიოთერაპია
653 _aსაექიმო ფიზკულტურა
700 _aსვანიშვილი, რომანოზ
_eავტორი
_922470
700 _aბაგრატიონი, ვლ.
_eრედაქტორი
_922471
856 _uhttps://dspace.nplg.gov.ge/bitstream/1234/496500/1/FizioterapiaDaSaeqimoFizkultura_1971.pdf
_yელ. ვერსია
942 _2udc
_cᲬᲘᲒᲜᲘ